En el chozo y en Madrid (Record no. 138128)

MARC details
000 -LEADER
campo de control de longitud fija 00830nam a2200217 4500
001 - NÚMERO DE CONTROL
campo de control 138128
003 - IDENTIFICADOR DE NÚMERO DE CONTROL
campo de control ES-MaACL
005 - FECHA Y HORA DE LA ÚLTIMA TRANSACCIÓN
campo de control 20251120142245.0
007 - CAMPO FIJO DE DESCRIPCIÓN FÍSICA--INFORMACIÓN GENERAL
campo de control de longitud fija t|
008 - DATOS DE LONGITUD FIJA--INFORMACIÓN GENERAL
campo de control de longitud fija 070214s1962 sp r ||||1| spa d
100 1# - ENTRADA PRINCIPAL--NOMBRE DE PERSONA
Nombre de persona Sánchez Prieto, Julián.
9 (RLIN) 102861
245 10 - MENCIÓN DEL TÍTULO
Título En el chozo y en Madrid
Resto del título : versos de antaño y hogaño : con dos retratos del autor /
Mención de responsabilidad, etc. el pastor-poeta [seud.] ; prólogo de José Ortega Munilla ; juicio crítico de Concha Espina.
250 ## - MENCION DE EDICION
Mención de edición 2ª ed., corr. y aum.
260 ## - PUBLICACIÓN, DISTRIBUCIÓN, ETC.
Lugar de publicación, distribución, etc. Madrid :
Nombre del editor, distribuidor, etc. Sociedad General de Autores,
Fecha de publicación, distribución, etc. 1962.
300 ## - DESCRIPCIÓN FÍSICA
Extensión 319 p. :
Otras características físicas 2 il. = retr. aut. ;
Dimensiones 22 cm.
700 1# - ENTRADA AGREGADA--NOMBRE PERSONAL
Nombre de persona Ortega Munilla, José,
Fechas asociadas al nombre 1856-1922
9 (RLIN) 87477
700 1# - ENTRADA AGREGADA--NOMBRE PERSONAL
Nombre de persona Espina, Concha,
Fechas asociadas al nombre 1869-1955
9 (RLIN) 47834
852 ## - LOCALIZACIÓN
Ubicación ES-MaACL
Número de control de estantería C-21911
Sublocalización o colección R.50324
852 ## - LOCALIZACIÓN
Ubicación ES-MaACL
Número de control de estantería C-23482
Sublocalización o colección R.52395
Holdings
Estatus retirado Estado de pérdida Estado de daño No para préstamo Biblioteca de origen Biblioteca actual Ubicación en estantería Fecha de adquisición Fuente de adquisición Total de préstamos Signatura topográfica completa Código de barras Visto por última vez Precio de reemplazo Tipo de ítem Koha
        Biblioteca del Ateneo de Madrid Biblioteca del Ateneo de Madrid Depósito 2 17/01/2008     C-23482 1143734 23/02/2023 23/02/2023 Libro impreso
        Biblioteca del Ateneo de Madrid Biblioteca del Ateneo de Madrid Galería 17/01/2008     C-21911 1143733 23/02/2023 23/02/2023 Libro impreso